• 首页
  • 本馆介绍
  • 公告通知
  • 最新文献
  • 馆藏检索
  • 电子资源
  • 读者导购
  • 参考咨询
  • 我的图书馆
  • 登录
  • 详细信息显示
  • 放入我的书架
  • 预约/预借图书
  • 作者相关作品
  • 分类相关作品
  • 丛书相关作品
  • 出版社相关作品

书目信息

  • 表格格式
  • 工作单格式
  • 卡片格式
题名:
中药有效成分提取分离技术
    
 
作者: 卢艳花 主编
分册:  
出版信息: 北京   化学工业出版社  2005
页数: 349页
开本: 24cm
丛书名:
单 册:
中图分类: R284.2
科图分类:
主题词: 中药化学成分--提取 , 中药化学成分--分离 , 中药化学成分 , 提取 , 分离
电子资源:
ISBN: 7-5025-6154-4
000 00939nam0 2200289 450
001 002799893
005 20080303092014.93
010    @a7-5025-6154-4@dCNY45.00
035    @a002799893
100    @a20050127d2005 em y0chiy0110 ea
101 0  @achi
102    @aCN@b110000
105    @ay z 000yy
106    @ar
200 1  @a中药有效成分提取分离技术@Azhong yao you xiao cheng fen ti qu fen li ji shu@f卢艳花主编
210    @a北京@c化学工业出版社@d2005
215    @a349页@d24cm
330    @a本书在介绍传统的提取分离技术和近年来兴起的新技术的基础上,分述了中药主要活性成分的常用提取纯化方法。全书共十四章,包括黄酮类化合物的提取分离、生物碱类成分的提取分离等。
606 0  @a中药化学成分@x提取
606 0  @a中药化学成分@x分离
606 0  @a中药化学成分
606 0  @a提取
606 0  @a分离
690    @aR284.2@v4
701  0 @a卢艳花@Alu yan hua@c(女,@f1968~)@4主编
801  0 @aCN@bNLC@c20080303
905    @dR284.2@e240@f4
    
    中药有效成分提取分离技术/卢艳花主编.-北京:化学工业出版社,2005
    349页;24cm
    
    
    ISBN 7-5025-6154-4:CNY45.00
    本书在介绍传统的提取分离技术和近年来兴起的新技术的基础上,分述了中药主要活性成分的常用提取纯化方法。全书共十四章,包括黄酮类化合物的提取分离、生物碱类成分的提取分离等。
●
相关链接 在E读中查询图书 在五车中查询图书 在当当中查询图书 在豆瓣中查询图书


正题名:中药有效成分提取分离技术     索取号:R284.2/240         预约/预借

序号 登录号 条形码 馆藏地/架位号 状态 备注
1 0614922   206149229   第二样本阅览室/ [索取号:R284.2/240] 在馆    
2 0614923   206149238   第三借阅区/ [索取号:R284.2/240] 在馆    
3 0614924   206149247   第三借阅区/ [索取号:R284.2/240] 在馆    
4 0614925   206149256   第三借阅区/ [索取号:R284.2/240] 在馆    
唐山师范学院图书馆 欢迎您!
大连网信软件有限公司© 版权所有